000 00604nam a22002177a 4500
003 UA-OsUOA
001 38928
007 ta
008 20060601b un ||||| |||| 00| 0 ukr d
090 _a81'35
_bВ74
942 _cBK
040 _aUA-OsUOA
_brus
_cUA-OsUOA
_dUA-OsUOA
245 _aВопросы русской орфографии
300 _a136 с.
955 _a1
041 _arus
080 _a81'35
260 _aМ.
_bНаука
_c1964
650 7 _a8 Мовознавство. Художня література. Літературознавство
_2UDC
999 _c325078
_d325078